| 000 | 00608cam a22002293a 4500 | ||
|---|---|---|---|
| 001 | 11598 | ||
| 003 | PGUSA | ||
| 005 | 20140828083238.0 | ||
| 008 | 040301s2004||||xxu|||||s|||||000 | eng d | ||
| 040 |
_aPGUSA _beng |
||
| 042 | _adc | ||
| 050 | 4 | _aGB | |
| 100 | 1 |
_aReclus, Elisée, _d1830-1905 |
|
| 245 | 1 | 0 |
_aLa Montaña _h[electronic resource] / _cElisée Reclus |
| 260 |
_bProject Gutenberg, _c2004 |
||
| 506 | _aPublic domain in the USA. | ||
| 516 | _aElectronic text | ||
| 653 | _aMountains | ||
| 830 | 0 |
_aProject Gutenberg _v11598 |
|
| 856 | 4 | 0 | _uhttp://www.gutenberg.org/ebooks/11598 |
| 942 | _cEB | ||
| 999 |
_c240853 _d240853 |
||